Viaje al amanecer

Salvato in:
Dettagli Bibliografici
Autore principale: Picón - Salas, Mariano
Natura: Libro
Lingua:Undetermined
Pubblicazione: Lima, Perú Nuevo Mundo, 1959 1959
Soggetti:
Tags: Aggiungi Tag
Nessun Tag, puoi essere il primo ad aggiungerne!!

MARC

LEADER 00000nam a2200000Ia 4500
008 170316s9999 xx 000 0 und d
040 |a cru BVZT 
090 |a 860 P-30v 
100 |a Picón - Salas, Mariano 
245 |a Viaje al amanecer 
260 |a Lima, Perú  |b Nuevo Mundo, 1959  |c 1959 
300 |a 129 páginas 
650 |a LITERATURA LATINOAMERICANA 
999 |c 9093  |d 9093 
942 |c 15 D  |h 860 P-30v  |2 z